Catálogo
 En Linea

De la emigración al transtierro : (Registro nro. 48176)

Detalles MARC
000 -CABECERA
campo de control de longitud fija 01011nam a2200265 a 4500
001 - NÚMERO DE CONTROL
campo de control 000048688
005 - FECHA Y HORA DE LA ÚLTIMA TRANSACCIÓN
campo de control 20201002061330.0
008 - DATOS DE LONGITUD FIJA--INFORMACIÓN GENERAL
campo de control de longitud fija 190314s2015 dr 000 0 spa d
020 ## - NÚMERO INTERNACIONAL ESTÁNDAR DEL LIBRO
Número Internacional Estándar del Libro 1940075327 (10)
020 ## - NÚMERO INTERNACIONAL ESTÁNDAR DEL LIBRO
Número Internacional Estándar del Libro 9781940075327 (13
040 ## - FUENTE DE LA CATALOGACIÓN
Centro catalogador/agencia de origen DO-SdBNP
Lengua de catalogación spa
Centro/agencia transcriptor BNPHU
082 ## - NÚMERO DE LA CLASIFICACIÓN DECIMAL DEWEY
Número de clasificación xxx
Número de documento/Ítem M766
100 1# - ENTRADA PRINCIPAL--NOMBRE DE PERSONA
Nombre de persona Montás, Keiselim A.
Fechas asociadas al nombre 1968-
9 (RLIN) 37736
245 10 - MENCIÓN DE TÍTULO
Título De la emigración al transtierro :
Resto del título (diásporas del caribe hispanohablante en los Estados Unidos) /
Mención de responsabilidad, etc. Keiselim A. Montás ; prólogo Lourdes Gutiérrez Nájera.
260 ## - PUBLICACIÓN, DISTRIBUCIÓN, ETC.
Lugar de publicación, distribución, etc. Nueva York, Estados Unidos :
Nombre del editor, distribuidor, etc. Escribana books,
Fecha de publicación, distribución, etc. 2015.
300 ## - DESCRIPCIÓN FÍSICA
Extensión 88 p. ;
Dimensiones 23 cm.
490 1# - MENCIÓN DE SERIE
Mención de serie Cultural studies ;
500 ## - NOTA GENERAL
Nota general Incluye índice onomástico
500 ## - NOTA GENERAL
Nota general Incluye datos biografícos en la contraportada.
504 ## - NOTA DE BIBLIOGRAFÍA, ETC.
Nota de bibliografía, etc. Bibliografía p: 87-88
590 ## - NOTA LOCAL (RLIN)
Nota local Inventariado, 2019/ YL
590 ## - NOTA LOCAL (RLIN)
Nota local La biblioteca posee 1 ejemplar autografíado por el autor.
700 12 - PUNTO DE ACCESO ADICIONAL--NOMBRE DE PERSONA
Nombre de persona Gutiérrez Nájera, Lourdes
Término indicativo de función/relación prol.
9 (RLIN) 76136
830 #0 - PUNTO DE ACCESO ADICIONAL DE SERIE-TÍTULO UNIFORME
Título uniforme Cultural studies
9 (RLIN) 76137
Existencias
Estado de retiro Estado de pérdida No para préstamo Código de colección Localización permanente Ubicación/localización actual Ubicación en estantería Fecha de adquisición Número de inventario Total de préstamos Signatura topográfica completa Código de barras Fecha visto por última vez Precio válido a partir de Tipo de ítem Koha
    Excluido de préstamo Patrimonio Dominicano Patrimonio Dominicano Patrimonio Dominicano Depósito 08.04.2019 LF1   xxx M766 48688-10 25.06.2020 25.06.2020 Libro y Folleto Colección Patrimonio Dominicano

Con tecnología Koha